Bakchias : dall'archeologia alla storia /

محفوظ في:

مؤلفون آخرون: Giorgi, Enrico, Buzi, Paola., Pernigotti, Sergio.

التنسيق: كتاب

اللغة: Italian

منشور في: Bologna : Bononia University Press, luglio 2014.

الطبعة: Prima edizione.

سلاسل: DISCI, Dipartimento storia culture civiltà. Archeologia, 2.

الموضوعات:

الوسوم: إضافة وسم

لا توجد وسوم, كن أول من يضع وسما على هذه التسجيلة!

رقم الطلب: DT73 .B3 B345

LEADER 01013nam a22002897a 4500
003 OSt
005 20251207100309.0
008 251207t2014 it a g b 000 0 ita d
010 |a 2014401246 
020 |a 9788873958963 
040 |c ARCE Library 
043 |a f-ua--- 
050 1 4 |a DT73 .B3  |b B345 
245 0 0 |a Bakchias :   |b dall'archeologia alla storia /   |c a cura di Enrico Giorgi e Paola Buzi ; prefazione di Sergio Pernigotti. 
250 |a Prima edizione. 
264 1 |a Bologna :   |b Bononia University Press,   |c luglio 2014. 
300 |a 433 pages :   |b illustrations ;   |c 30 cm. 
490 0 |a DISCI, Dipartimento storia culture civiltà. Archeologia,   |x 2284-3523 ;   |v 2. 
504 |a Includes bibliographical references. 
650 0 |a Excavations (Archaeology)  |z Egypt  |z Bacchias (Extinct city) 
651 0 |a Bacchias (Extinct city) 
700 1 |a Giorgi, Enrico,   |9 30805 
700 1 |a Buzi, Paola.   |9 27610 
700 1 |a Pernigotti, Sergio.  |9 37484 
901 |a reviewed 
942 |c BK  |2 lcc 
999 |c 27874  |d 27874